00987nam a22002777i 4500003000900000005001700009007000300026008004100029020001800070040003000088041000700118082001800125245005900143264008100202300002600283336002700309337003300336338002800369590002800397600004600425700003800471910000700509942001300516952016300529999001700692DO-SdBNP20250820081155.0ta250820b2018 ||||| |||| 00| 0 spa d a9789945610024 aDO-SdBNPbspacBNPHUerda asp aF-bM524I222 aIdeario de Mella /cLeonor Tejada, compilado y anotado aSanto Domingo :bTribunal Constitucional de la República Dominicana,c2018 a35 páginas ;c15 cm ardacontentbtexto2txt ardamediabsin mediación2n ardacarrierbvolumen2nc aInventariado, 2025 / DG aMella, Ramón Matíasd1816-1864981140 aTejada, LeonoreCompilador973343 aDG 2ddccLF2 00102ddc51708PD-FaBNPHUbBNPHUcCTd2025-08-20edonaciónl0oBNPHU PD-F- M524Ip2025-8607r2025-08-20w2025-08-20yLF2zDonado por Loren Jesús Garcia c59800d59800